Introductory Raman spectroscopy (Record no. 220378)

MARC details
000 -LEADER
fixed length control field 00633nam a2200205Ia 4500
008 - FIXED-LENGTH DATA ELEMENTS--GENERAL INFORMATION
fixed length control field 191130s2003##################000#0#eng##
020 ## - INTERNATIONAL STANDARD BOOK NUMBER
ISBN 122541057
082 ## - DEWEY DECIMAL CLASSIFICATION NUMBER
Classification number 535.846 FER
100 ## - MAIN ENTRY--AUTHOR NAME
Personal name Ferraro, John R
245 ## - TITLE STATEMENT
Title Introductory Raman spectroscopy
Statement of responsibility, etc John R. Ferraro, Kazua Nakamoto, Chris W. Brown
250 ## - EDITION STATEMENT
Edition statement 2nd ed
260 ## - PUBLICATION, DISTRIBUTION, ETC. (IMPRINT)
Place of publication San Diego
Name of publisher Elsevier / Academic Press
Year of publication c2003
300 ## - PHYSICAL DESCRIPTION
Number of Pages xiii, 434 p. : ill. ; 24 cm
500 ## - GENERAL NOTE
General note Includes bibliographical references and index
650 ## - SUBJECT ADDED ENTRY--TOPICAL TERM
Topical Term Raman spectroscopy
700 ## - ADDED ENTRY--PERSONAL NAME
Personal name Brown, Chris W
Personal name Nakamoto, Kazuo
942 ## - ADDED ENTRY ELEMENTS (KOHA)
Koha item type English Books
Holdings
Withdrawn status Lost status Damaged status Not for loan Home library Current library Shelving location Date acquired Full call number Accession Number Price effective from Koha item type
        Anna Centenary Library Anna Centenary Library 5TH FLOOR, A WING 13.10.2020 535.846 FER 292472 13.10.2020 English Books

Find us on the map